000 00431nam a2200157Ia 4500
999 _c20495
_d20495
082 _aTS.0448
100 _aShyam Kala
245 0 _aSome aspects of administration of a planned city : Chandigarh
260 _c1975
_bPanjab University
300 _a745p. + C D - 55
650 _aCITY PLANNING - CHANDIGARH
650 _aPUBLIC ADMINISTRATION - CHANDIGARH
650 _aCHANDIGARH
710 _aKhanna, B.S.
942 _cTH
_2ddc